000 01081nam a2200217 u 4500
001 000336058
003 AM-YeHGA
005 20250617130917.0
008 040519s1989 ||| r 000 0 rus d
040 _aAM-YeHGA
041 0 _arus
245 0 0 _aСтруктуры познавательной деятельности :
_bМежвуз. сб. науч. тр. /
_cМ-во нар. образования РСФСР, Владим. гос. пед. ин-т им. П.И. Лебедева-Полянского; Редкол.: В.С. Ивашкин (отв. ред.) и др.
260 _aВладимир :
_b[Б. и.],
_c1989.
300 _a144 с.
504 _aБиблиогр. в конце тр.
653 0 _aПсихология - Сборники
653 0 _aПедагогическая психология - Сборники
700 1 _aИвашкин, В.С.
_eред.
_4edt
710 2 _aВладимирский государственный педагогический институт им. П.И. Лебедева-Полянского
090 _c128007
999 _c126645
_d126645